Associa la provincia alla regione - Statistics

Statistiche generali
  • Questo quiz è stato fatto 160 volte
  • Il punteggio medio è 26 su 28
Statistiche sulle risposte
Hint Risposta % Corretto
Milano Lombardia
100%
Monza Lombardia
99%
Siracusa Sicilia
99%
Livorno Toscana
99%
Aosta Valle D'Aosta
99%
Bolzano Trentino Alto Adige
98%
Ferrara Emilia Romagna
96%
Udine Friuli Venezia Giulia
96%
Frosinone Lazio
96%
Mantova Lombardia
96%
Asti Piemonte
96%
Vercelli Piemonte
96%
Taranto Puglia
95%
Enna Sicilia
95%
Lecce Puglia
93%
Prato Toscana
93%
Gorizia Friuli Venezia Giulia
91%
Fermo Marche
91%
Avellino Campania
90%
Savona Liguria
90%
Macerata Marche
90%
Piacenza Emilia Romagna
89%
Oristano Sardegna
88%
Rovigo Veneto
88%
Belluno Veneto
88%
Chieti Abruzzo
86%
Teramo Abruzzo
85%
Isernia Molise
82%
Nessun quiz corrispondente trovato
Distribuzione punteggi
Percentuale di utenti per punteggio
Percentile per numero di risposta
I tuoi punteggi nel tempo
Non hai fatto questo quiz